<?xml version="1.0" encoding="UTF-8"?>
<record
    xmlns:xsi="http://www.w3.org/2001/XMLSchema-instance"
    xsi:schemaLocation="http://www.loc.gov/MARC21/slim http://www.loc.gov/standards/marcxml/schema/MARC21slim.xsd"
    xmlns="http://www.loc.gov/MARC21/slim">

  <leader>00479nam a22002057i 4500</leader>
  <controlfield tag="001">7133</controlfield>
  <controlfield tag="003">OSt</controlfield>
  <controlfield tag="005">20170126082358.0</controlfield>
  <controlfield tag="007">tu</controlfield>
  <controlfield tag="008">161220s1977    xxu||||| |||| 00| 0 ukr d</controlfield>
  <datafield tag="024" ind1="7" ind2=" ">
    <subfield code="a">7133</subfield>
    <subfield code="2">RID</subfield>
  </datafield>
  <datafield tag="024" ind1="7" ind2=" ">
    <subfield code="a">7133</subfield>
    <subfield code="2">RSN (alt)</subfield>
  </datafield>
  <datafield tag="040" ind1=" " ind2=" ">
    <subfield code="c">OSt</subfield>
  </datafield>
  <datafield tag="041" ind1=" " ind2=" ">
    <subfield code="a">ukr</subfield>
  </datafield>
  <datafield tag="245" ind1="0" ind2="0">
    <subfield code="a">Volkswirtschaft der Ukraine 1977</subfield>
  </datafield>
  <datafield tag="260" ind1=" " ind2=" ">
    <subfield code="a">Kiev :</subfield>
    <subfield code="b">Technika,</subfield>
    <subfield code="c">1977-1998 (L&#xFC;cken).</subfield>
  </datafield>
  <datafield tag="300" ind1=" " ind2=" ">
    <subfield code="c">21cm</subfield>
  </datafield>
  <datafield tag="651" ind1=" " ind2=" ">
    <subfield code="a">Ukraine</subfield>
  </datafield>
  <datafield tag="110" ind1="2" ind2=" ">
    <subfield code="a">Ukrainisches Ministerium f&#xFC;r Statistik</subfield>
  </datafield>
  <datafield tag="942" ind1=" " ind2=" ">
    <subfield code="c">ST</subfield>
  </datafield>
  <datafield tag="999" ind1=" " ind2=" ">
    <subfield code="c">6180</subfield>
    <subfield code="d">6180</subfield>
  </datafield>
</record>
